[Event "Gibraltar ChallWk1 11th "]
[Site "Gibraltar"]
[Date "2013.01.25"]
[Round "5.4"]
[White "Gromovs, Sergejs"]
[Black "Nikolaidis, Konstantinos"]
[Result "0-1"]
[WhiteElo "2001"]
[BlackElo "2233"]
[PlyCount "130"]
[EventDate "2013.01.21"]
[EventType "swiss"]
[EventRounds "5"]
[EventCountry "GGB"]
[SourceTitle "BritBase"]
[Source "www.saund.co.uk"]
[SourceDate "2018.02.10"]
[SourceVersion "1"]
[SourceVersionDate "2018.02.10"]
[SourceQuality "1"]

1. d4 Nf6 2. c4 e6 3. Nf3 b6 4. a3 Ba6 5. Qc2 Bb7 6. Nc3 c5 7. dxc5 bxc5 8. Bg5
Be7 9. e3 O-O 10. Bd3 h6 11. Bh4 Nh5 12. Bxe7 Qxe7 13. O-O-O Nf6 14. h4 d5 15.
Ne5 dxc4 16. Nxc4 Bxg2 17. Rhg1 Bf3 18. Be2 Bxe2 19. Qxe2 Rd8 20. Ne5 Rxd1+ 21.
Rxd1 Nbd7 22. Nc6 Qf8 23. e4 Nb6 24. a4 c4 25. Qe3 Qe8 26. Rd6 Nfd7 27. e5 Nc8
28. Rd1 Ne7 29. Nd4 Nc5 30. Ndb5 Nd3+ 31. Kb1 Nf5 32. Qe2 Rb8 33. Rd2 Qe7 34.
Qe4 Qc5 35. Nd6 Qxe5 36. Nxc4 Qxc3 37. Rxd3 Qb4 38. a5 Ne7 39. Qe2 Nd5 40. Qc2
Rc8 41. Rd4 Qe1+ 42. Rd1 Qb4 43. Rd4 Qe7 44. Qd2 Qc5 45. Ne5 Qb5 46. Rd3 Rc5
47. Ra3 Qf1+ 48. Ka2 Qb5 49. Nd3 Rc4 50. f4 Rd4 51. Kb1 Nxf4 52. Kc2 Nxd3 53.
Rxd3 Rxd3 54. Qxd3 Qxa5 55. Qd7 g5 56. h5 g4 57. b3 g3 58. Qd4 Qf5+ 59. Kc3
Qf3+ 60. Kb4 g2 61. Ka3 Qg3 62. Qg1 e5 63. Ka4 e4 64. b4 e3 65. b5 e2 0-1

[Event "Gibraltar ChallWk1 11th "]
[Site "Gibraltar"]
[Date "2013.01.25"]
[Round "5.5"]
[White "Galvan, Jesus"]
[Black "Uran Bermudez, Oliver Kevin"]
[Result "0-1"]
[WhiteElo "2231"]
[BlackElo "2113"]
[PlyCount "31"]
[EventDate "2013.01.21"]
[EventType "swiss"]
[EventRounds "5"]
[EventCountry "GGB"]
[SourceTitle "BritBase"]
[Source "www.saund.co.uk"]
[SourceDate "2018.02.10"]
[SourceVersion "1"]
[SourceVersionDate "2018.02.10"]
[SourceQuality "1"]

1. Nf3 d5 2. g3 f5 3. Bg2 Nf6 4. O-O e6 5. c4 Bd6 6. d4 c6 7. Bf4 Bxf4 8. gxf4
O-O 9. Nc3 Nbd7 10. e3 Ne4 11. Qe2 Rf6 12. Nxe4 fxe4 13. Ne5 Nxe5 14. dxe5 Rh6
15. f3 Qh4 16. h3 {White's mobile phone rang} 0-1

[Event "Gibraltar ChallWk1 11th "]
[Site "Gibraltar"]
[Date "2013.01.25"]
[Round "5.6"]
[White "Urbina Perez, Juan Antonio"]
[Black "Corsino, Gianluca"]
[Result "1-0"]
[WhiteElo "2214"]
[BlackElo "2059"]
[PlyCount "73"]
[EventDate "2013.01.21"]
[EventType "swiss"]
[EventRounds "5"]
[EventCountry "GGB"]
[SourceTitle "BritBase"]
[Source "www.saund.co.uk"]
[SourceDate "2018.02.10"]
[SourceVersion "1"]
[SourceVersionDate "2018.02.10"]
[SourceQuality "1"]

1. e4 c5 2. Nf3 d6 3. d4 cxd4 4. Nxd4 Nf6 5. Nc3 g6 6. Be3 Bg7 7. f3 O-O 8. Qd2
Nc6 9. g4 Be6 10. Nxe6 fxe6 11. O-O-O Ne5 12. Be2 Qc8 13. Bh6 Bxh6 14. Qxh6 Qc5
15. h4 Kh8 16. Qd2 Rac8 17. Kb1 b5 18. Nxb5 Nxf3 19. Bxf3 Qxb5 20. g5 Nd7 21.
Be2 Qe5 22. h5 Kg7 23. Rh4 Nc5 24. hxg6 hxg6 25. Rdh1 Rb8 26. Rh7+ Kg8 27. b3
Nxe4 28. Qe1 Nc3+ 29. Kc1 Nxe2+ 30. Kd2 Qc3+ 31. Kd1 Qd4+ 32. Kxe2 Qe4+ 33. Kd1
Qd4+ 34. Qd2 Qxd2+ 35. Kxd2 Rb7 36. Rh8+ Kf7 37. Rf1+ 1-0

[Event "Gibraltar ChallWk1 11th "]
[Site "Gibraltar"]
[Date "2013.01.25"]
[Round "5.7"]
[White "O'Toole, George E"]
[Black "Zanetti, Bruno"]
[Result "1-0"]
[WhiteElo "2204"]
[BlackElo "2030"]
[PlyCount "63"]
[EventDate "2013.01.21"]
[EventType "swiss"]
[EventRounds "5"]
[EventCountry "GGB"]
[SourceTitle "BritBase"]
[Source "www.saund.co.uk"]
[SourceDate "2018.02.10"]
[SourceVersion "1"]
[SourceVersionDate "2018.02.10"]
[SourceQuality "1"]

1. e4 c6 2. c4 d5 3. exd5 cxd5 4. cxd5 Qxd5 5. Nc3 Qe5+ 6. Be2 e6 7. Nf3 Qa5 8.
O-O Nf6 9. d4 Be7 10. Bd3 O-O 11. Bg5 Nc6 12. a3 h6 13. Be3 Nd5 14. Bc2 Nxe3
15. fxe3 b6 16. d5 exd5 17. b4 Bxb4 18. axb4 Qxb4 19. Nxd5 Qc5 20. Rc1 Qa3 21.
Qd3 Qxd3 22. Bxd3 Bb7 23. Rxc6 Bxc6 24. Ne7+ Kh8 25. Nxc6 a5 26. Nfe5 g5 27.
Nd7 Rg8 28. Rf6 Kg7 29. Ne7 Rgd8 30. Nf5+ Kg8 31. Nxh6+ Kg7 32. Rxf7+ 1-0

[Event "Gibraltar ChallWk1 11th "]
[Site "Gibraltar"]
[Date "2013.01.25"]
[Round "5.8"]
[White "Jaunooby, Ali R"]
[Black "Onabogun, Kolade"]
[Result "0-1"]
[WhiteElo "2178"]
[BlackElo "1978"]
[PlyCount "80"]
[EventDate "2013.01.21"]
[EventType "swiss"]
[EventRounds "5"]
[EventCountry "GGB"]
[SourceTitle "BritBase"]
[Source "www.saund.co.uk"]
[SourceDate "2018.02.10"]
[SourceVersion "1"]
[SourceVersionDate "2018.02.10"]
[SourceQuality "1"]

1. d4 Nf6 2. c4 g6 3. g3 c5 4. d5 d6 5. Nc3 Bg7 6. Bg2 O-O 7. h3 e6 8. dxe6
fxe6 9. Bf4 Ne8 10. Qd2 Nc6 11. Ne4 Rf7 12. Nxc5 dxc5 13. Qc2 Qb6 14. Rb1 Nd4
15. Qc1 Bd7 16. e3 Bc6 17. f3 e5 18. exd4 exf4 19. d5 Bd7 20. g4 Qb4+ 21. Kf1
b5 22. b3 Bd4 23. Ne2 Be3 24. Qb2 bxc4 25. bxc4 Rb8 26. Qb3 Ba4 27. Qxb4 Rxb4
28. Nc3 Rxb1+ 29. Nxb1 Bc2 30. Na3 Bd3+ 31. Ke1 Bc1 32. Nb5 Bxc4 33. Nc3 Bb2
34. Ne4 Bxd5 35. Nxc5 Rc7 36. Nd3 Bc1 37. Nb4 Bc4 38. Bf1 Be3 39. Rh2 Bxf1 40.
Kxf1 Rc1+ 0-1

[Event "Gibraltar ChallWk1 11th "]
[Site "Gibraltar"]
[Date "2013.01.25"]
[Round "5.9"]
[White "Severijnen, Arjon"]
[Black "Olhovik, Andrei"]
[Result "0-1"]
[WhiteElo "2138"]
[BlackElo "2246"]
[PlyCount "70"]
[EventDate "2013.01.21"]
[EventType "swiss"]
[EventRounds "5"]
[EventCountry "GGB"]
[SourceTitle "BritBase"]
[Source "www.saund.co.uk"]
[SourceDate "2018.02.10"]
[SourceVersion "1"]
[SourceVersionDate "2018.02.10"]
[SourceQuality "1"]

1. e4 c5 2. Nf3 Nc6 3. d4 cxd4 4. Nxd4 g6 5. c3 Bg7 6. g3 h5 7. h4 d6 8. Bg2
Bd7 9. Be3 Nf6 10. Nd2 Ng4 11. Nc2 Nxe3 12. Nxe3 Ne5 13. Nf3 Ng4 14. Nd5 e6 15.
Nf4 Qb6 16. Qd2 Bb5 17. Bf1 Bc6 18. Bd3 O-O 19. O-O Bh6 20. Ng5 Qd8 21. f3 Ne5
22. Ngh3 d5 23. Qe2 Qb6+ 24. Kg2 Nxd3 25. Nxd3 dxe4 26. fxe4 Qb5 27. Kh2 Rad8
28. Rad1 Qc4 29. e5 Bb5 30. Nhf2 Qxa2 31. Qf3 Qa6 32. Rg1 Qc6 33. Qf6 Bg7 34.
Qg5 Qf3 35. Rgf1 Bxd3 0-1

[Event "Gibraltar ChallWk1 11th "]
[Site "Gibraltar"]
[Date "2013.01.25"]
[Round "5.10"]
[White "Lyell, Mark"]
[Black "Wiedersich, Jens"]
[Result "0-1"]
[WhiteElo "2235"]
[BlackElo "2120"]
[PlyCount "109"]
[EventDate "2013.01.21"]
[EventType "swiss"]
[EventRounds "5"]
[EventCountry "GGB"]
[SourceTitle "BritBase"]
[Source "www.saund.co.uk"]
[SourceDate "2018.02.10"]
[SourceVersion "1"]
[SourceVersionDate "2018.02.10"]
[SourceQuality "1"]

1. e4 c5 2. Nc3 d6 3. f4 e6 4. Nf3 Nc6 5. Bb5 Bd7 6. O-O Nf6 7. e5 Ng8 8. b3
Qc7 9. Bb2 d5 10. f5 O-O-O 11. fxe6 Bxe6 12. Bxc6 Qxc6 13. Qe2 a6 14. d4 Kb8
15. Rad1 Nh6 16. Na4 Nf5 17. dxc5 Bxc5+ 18. Nxc5 Qxc5+ 19. Bd4 Nxd4 20. Nxd4
Rc8 21. a4 Rc7 22. Rf2 Qe7 23. Rd3 Rhc8 24. Qd2 Qh4 25. Rg3 Rg8 26. Rff3 Qe7
27. Rc3 Qb4 28. Qd3 Rgc8 29. Rxc7 Rxc7 30. Qe3 g6 31. Rf3 Qe7 32. Qd2 Qc5 33.
h3 Qe7 34. Kh2 h5 35. Qe3 g5 36. Rf6 g4 37. h4 g3+ 38. Qxg3 Bg4 39. Qe3 Qd8 40.
g3 Qc8 41. Qf2 Re7 42. Rxf7 Re8 43. Qe3 Ka8 44. Rf6 Qc5 45. Qf4 Qc8 46. a5 Qc3
47. e6 Qc8 48. Qe5 Qc3 49. Rf2 Bxe6 50. Qxh5 Rg8 51. Qe5 Bc8 52. Re2 Qa1 53.
Qxd5 Rf8 54. Qc5 Qf1 55. Nc6 0-1

[Event "Gibraltar ChallWk1 11th "]
[Site "Gibraltar"]
[Date "2013.01.25"]
[Round "5.12"]
[White "Cawley, Paul F"]
[Black "Burrows, Martin P"]
[Result "1/2-1/2"]
[WhiteElo "2113"]
[BlackElo "2153"]
[PlyCount "54"]
[EventDate "2013.01.21"]
[EventType "swiss"]
[EventRounds "5"]
[EventCountry "GGB"]
[SourceTitle "BritBase"]
[Source "www.saund.co.uk"]
[SourceDate "2018.02.10"]
[SourceVersion "1"]
[SourceVersionDate "2018.02.10"]
[SourceQuality "1"]

1. Nf3 Nf6 2. c4 g6 3. d4 Bg7 4. Nc3 O-O 5. Bf4 d6 6. h3 Nbd7 7. e3 c6 8. Be2
Qa5 9. O-O e5 10. Bh2 Ne8 11. a3 f5 12. c5 d5 13. b4 Qd8 14. Nxe5 Nxe5 15. Bxe5
Bxe5 16. dxe5 Qe7 17. f4 Nf6 18. Bd3 Ne4 19. Bxe4 fxe4 20. Ne2 Bd7 21. Nd4 Kh8
22. g4 Rf7 23. Ra2 g5 24. Qd2 h5 25. e6 Bxe6 26. Nxe6 Qxe6 27. Qd4+ Kh7 1/2-1/2

[Event "Gibraltar ChallWk1 11th "]
[Site "Gibraltar"]
[Date "2013.01.25"]
[Round "5.13"]
[White "Kvisla, Johannes Luangtep"]
[Black "Wallgren, Ulf"]
[Result "1/2-1/2"]
[WhiteElo "2148"]
[BlackElo "2097"]
[PlyCount "134"]
[EventDate "2013.01.21"]
[EventType "swiss"]
[EventRounds "5"]
[EventCountry "GGB"]
[SourceTitle "BritBase"]
[Source "www.saund.co.uk"]
[SourceDate "2018.02.10"]
[SourceVersion "1"]
[SourceVersionDate "2018.02.10"]
[SourceQuality "1"]

1. c4 Nf6 2. Nf3 g6 3. b4 Bg7 4. Bb2 O-O 5. g3 c6 6. d3 d5 7. Nbd2 a5 8. a3
axb4 9. axb4 Rxa1 10. Bxa1 Qb6 11. Qb1 Na6 12. b5 Nc7 13. bxc6 Qxb1+ 14. Nxb1
bxc6 15. Nbd2 Nd7 16. Bxg7 Kxg7 17. Bg2 e5 18. O-O Bb7 19. Rb1 Ba8 20. Ra1 Rb8
21. e4 f6 22. d4 dxe4 23. Nxe4 exd4 24. Nxd4 c5 25. Nb5 Nxb5 26. cxb5 f5 27.
Ra7 Bxe4 28. Rxd7+ Kf6 29. f3 Bc2 30. Bf1 Ba4 31. Rd2 Bb3 32. f4 c4 33. Rd6+
Ke7 34. Rc6 Rxb5 35. Bxc4 Bxc4 36. Rxc4 Rb7 37. Rc2 Kf6 38. Kg2 Rb6 39. h3 h6
40. Rc3 g5 41. Kf3 Ra6 42. Rb3 Rc6 43. Ke3 Ra6 44. Rc3 Rb6 45. Kd4 gxf4 46.
gxf4 Rd6+ 47. Ke3 Re6+ 48. Kf3 Ra6 49. Kg3 Kg6 50. Kh4 Rb6 51. Rg3+ Kh7 52. Kh5
Rb4 53. Ra3 Rxf4 54. Ra7+ Kg8 55. Kxh6 Rh4+ 56. Kg6 Kf8 57. Ra3 Rb4 58. Kxf5
Rb5+ 59. Kg4 Rb4+ 60. Kg3 Kg7 61. Ra5 Kg6 62. Ra6+ Kh5 63. Ra3 Rc4 64. h4 Rg4+
65. Kf3 Kxh4 66. Ra8 Rg3+ 67. Kf2 Rb3 1/2-1/2

[Event "Gibraltar ChallWk1 11th "]
[Site "Gibraltar"]
[Date "2013.01.25"]
[Round "5.14"]
[White "Elishev, Ivan"]
[Black "Samu, Sorin-Mihai"]
[Result "1-0"]
[WhiteElo "2185"]
[BlackElo "2095"]
[PlyCount "77"]
[EventDate "2013.01.21"]
[EventType "swiss"]
[EventRounds "5"]
[EventCountry "GGB"]
[SourceTitle "BritBase"]
[Source "www.saund.co.uk"]
[SourceDate "2018.02.10"]
[SourceVersion "1"]
[SourceVersionDate "2018.02.10"]
[SourceQuality "1"]

1. e4 d6 2. d4 c6 3. c4 Nf6 4. Nc3 e5 5. f3 Be7 6. Be3 Nbd7 7. Nge2 O-O 8. Qd2
exd4 9. Nxd4 Ne5 10. O-O-O d5 11. cxd5 cxd5 12. f4 Neg4 13. e5 Nh5 14. g3 Nxe3
15. Qxe3 g6 16. Bg2 Be6 17. Nc2 Qa5 18. Bxd5 Bc5 19. Qe2 Rac8 20. Bxe6 fxe6 21.
Qb5 Qxb5 22. Nxb5 a6 23. Nd6 Rc7 24. Kb1 b5 25. Nd4 Ng7 26. Nb3 Bb6 27. Rc1 Rd8
28. Rhd1 Kf8 29. Ne4 Ke7 30. Rxc7+ Bxc7 31. Rxd8 Bxd8 32. Nbc5 a5 33. Nd6 Nf5
34. Nde4 Bb6 35. Nd3 Bg1 36. Nc1 Bxh2 37. Ne2 h5 38. Kc2 h4 39. g4 {The
remainder of the scoresheet is illegible} 1-0

[Event "Gibraltar ChallWk1 11th "]
[Site "Gibraltar"]
[Date "2013.01.25"]
[Round "5.15"]
[White "Nafri, Khalil"]
[Black "Taus, Martin"]
[Result "1/2-1/2"]
[WhiteElo "2091"]
[BlackElo "2181"]
[PlyCount "37"]
[EventDate "2013.01.21"]
[EventType "swiss"]
[EventRounds "5"]
[EventCountry "GGB"]
[SourceTitle "BritBase"]
[Source "www.saund.co.uk"]
[SourceDate "2018.02.10"]
[SourceVersion "1"]
[SourceVersionDate "2018.02.10"]
[SourceQuality "1"]

1. e4 d5 2. exd5 Nf6 3. c4 c6 4. d4 cxd5 5. Nc3 e6 6. Nf3 Bb4 7. cxd5 Nxd5 8.
Qc2 O-O 9. Bd3 h6 10. O-O Nc6 11. Rd1 Be7 12. a3 Bd7 13. Qe2 Rc8 14. Qe4 Nf6
15. Qf4 Qc7 16. Qh4 Ne8 17. Qe4 Nf6 18. Qh4 Ne8 19. Qe4 1/2-1/2

[Event "Gibraltar ChallWk1 11th "]
[Site "Gibraltar"]
[Date "2013.01.25"]
[Round "5.17"]
[White "Byron, Alan M"]
[Black "Byrn, Carsten"]
[Result "1/2-1/2"]
[WhiteElo "2167"]
[BlackElo "2114"]
[PlyCount "52"]
[EventDate "2013.01.21"]
[EventType "swiss"]
[EventRounds "5"]
[EventCountry "GGB"]
[SourceTitle "BritBase"]
[Source "www.saund.co.uk"]
[SourceDate "2018.02.10"]
[SourceVersion "1"]
[SourceVersionDate "2018.02.10"]
[SourceQuality "1"]

1. d4 Nf6 2. Nf3 g6 3. Nc3 d5 4. Bf4 Bg7 5. Qd2 Ne4 6. Nxe4 dxe4 7. Ne5 c5 8.
e3 O-O 9. Bc4 Nc6 10. Nxc6 bxc6 11. c3 Qb6 12. O-O h6 13. h3 g5 14. Bg3 Bf5 15.
a4 a5 16. Ra3 Rad8 17. Rb3 Qa7 18. Qe2 e5 19. dxe5 Qe7 20. Rb6 Qc7 21. Rb3 Bxe5
22. Bxe5 Qxe5 23. Rb7 Rd7 24. Rxd7 Bxd7 25. Rd1 Be6 26. Rd2 Kg7 1/2-1/2

[Event "Gibraltar ChallWk1 11th "]
[Site "Gibraltar"]
[Date "2013.01.25"]
[Round "5.18"]
[White "Kozarcanin, Sead"]
[Black "Vinas Guerrero, Carlos A"]
[Result "1-0"]
[WhiteElo "2090"]
[BlackElo "2167"]
[PlyCount "154"]
[EventDate "2013.01.21"]
[EventType "swiss"]
[EventRounds "5"]
[EventCountry "GGB"]
[SourceTitle "BritBase"]
[Source "www.saund.co.uk"]
[SourceDate "2018.02.10"]
[SourceVersion "1"]
[SourceVersionDate "2018.02.10"]
[SourceQuality "1"]

1. e4 e5 2. Nc3 Nf6 3. g3 d5 4. exd5 Nxd5 5. Bg2 Nxc3 6. bxc3 Nc6 7. Nf3 Be7 8.
d3 O-O 9. O-O Bf6 10. Nd2 Be6 11. a4 Rb8 12. Rb1 Ba2 13. Ra1 Bd5 14. Ne4 Be7
15. c4 Be6 16. Be3 Nd4 17. c3 f5 18. cxd4 exd4 19. Bf4 fxe4 20. Bxe4 Bf5 21.
Qe2 Qd7 22. Rfe1 Bd6 23. Bxd6 Qxd6 24. Rab1 b6 25. Rb5 c5 26. Bxf5 Rxf5 27. a5
Rbf8 28. f4 R5f6 29. Qe5 Qd7 30. axb6 axb6 31. Rb2 Qg4 32. Qd5+ Kh8 33. Rf2 Rf5
34. Qd7 h5 35. Kh1 R8f7 36. Qd8+ Rf8 37. Re8 Rxe8 38. Qxe8+ Kh7 39. Qe4 Kh8 40.
Qe8+ Kh7 41. Qe4 Kh8 42. Qf3 Qxf3+ 43. Rxf3 Rf8 44. Rf2 Re8 45. Rb2 Re3 46.
Rxb6 Rxd3 47. Rc6 h4 48. Kg2 hxg3 49. hxg3 Rc3 50. Rxc5 d3 51. Rd5 Rxc4 52.
Rxd3 Kh7 53. Kf3 Rc1 54. Kg4 Rc8 55. Ra3 Kg8 56. Re3 Rc1 57. Re6 Kf7 58. Ra6
Rc3 59. Kh4 Rf3 60. Rb6 Rc3 61. g4 Rc5 62. Rb7+ Kg8 63. Rb8+ Kf7 64. Rb6 Ra5
65. Rb7+ Kg8 66. Rb8+ Kh7 67. Re8 Ra4 68. Kg5 Ra6 69. Kf5 Rf6+ 70. Ke5 Ra6 71.
Ke4 Ra5 72. Re5 Ra6 73. g5 Kg8 74. Rd5 Ra4+ 75. Ke5 Ra6 76. Rb5 Rc6 77. Kf5 Kh7
{The remainder of the scoresheet is illegible} 1-0

[Event "Gibraltar ChallWk1 11th "]
[Site "Gibraltar"]
[Date "2013.01.25"]
[Round "5.19"]
[White "Pena Riasco, Alexander"]
[Black "Hermes, Geoff R"]
[Result "0-1"]
[WhiteElo "2156"]
[BlackElo "1968"]
[PlyCount "30"]
[EventDate "2013.01.21"]
[EventType "swiss"]
[EventRounds "5"]
[EventCountry "GGB"]
[SourceTitle "BritBase"]
[Source "www.saund.co.uk"]
[SourceDate "2018.02.10"]
[SourceVersion "1"]
[SourceVersionDate "2018.02.10"]
[SourceQuality "1"]

1. e4 d6 2. d4 Nf6 3. Nc3 c6 4. f3 e5 5. Be3 Be7 6. Qd2 O-O 7. O-O-O b5 8. Nh3
b4 9. Na4 a5 10. Kb1 Nbd7 11. a3 bxa3 12. bxa3 Nb6 13. Nxb6 Qxb6+ 14. Ka2 Rb8
15. c3 Qb3+ 0-1

[Event "Gibraltar ChallWk1 11th "]
[Site "Gibraltar"]
[Date "2013.01.25"]
[Round "5.21"]
[White "Janev, Pavel"]
[Black "Becham, Khalid"]
[Result "1/2-1/2"]
[WhiteElo "2126"]
[BlackElo "1929"]
[PlyCount "105"]
[EventDate "2013.01.21"]
[EventType "swiss"]
[EventRounds "5"]
[EventCountry "GGB"]
[SourceTitle "BritBase"]
[Source "www.saund.co.uk"]
[SourceDate "2018.02.10"]
[SourceVersion "1"]
[SourceVersionDate "2018.02.10"]
[SourceQuality "1"]

1. e4 c5 2. d3 g6 3. f4 Bg7 4. Nf3 Nc6 5. g3 d6 6. Bg2 Nf6 7. c3 O-O 8. O-O Rb8
9. Qe2 Qc7 10. a4 a6 11. e5 Ne8 12. exd6 Nxd6 13. Ne5 Nxe5 14. fxe5 Nf5 15. Bf4
e6 16. Nd2 b5 17. axb5 axb5 18. Ne4 Bb7 19. Ra7 Qb6 20. Rfa1 c4+ 21. Qf2 Qxf2+
22. Kxf2 Bd5 23. g4 Nh4 24. Bf1 Bxe4 25. dxe4 g5 26. Bxg5 Ng6 27. Rd1 Nxe5 28.
Be2 f5 29. gxf5 exf5 30. Rg1 fxe4+ 31. Ke3 Rf7 32. Rxf7 Kxf7 33. Kxe4 Nd3 34.
Bh5+ Ke6 35. Ra1 Nc5+ 36. Ke3 Na4 37. Ke4 Nc5+ 38. Kf3 Be5 39. Ra7 Rb7 40. Rxb7
Nxb7 41. h4 b4 42. Bg4+ Kf7 43. Ke4 Bg7 44. cxb4 Bxb2 45. Kd5 c3 46. Bf5 Ba3
47. b5 Nd6 48. Be6+ Kg6 49. b6 c2 50. Bg4 c1=Q 51. Bxc1 Bxc1 52. Kxd6 Bf4+ 53.
Kd7 1/2-1/2

[Event "Gibraltar ChallWk1 11th "]
[Site "Gibraltar"]
[Date "2013.01.25"]
[Round "5.24"]
[White "Hamer, Martyn"]
[Black "Campos Calvo-Sotelo, Juan"]
[Result "1-0"]
[WhiteElo "2025"]
[BlackElo "1978"]
[PlyCount "65"]
[EventDate "2013.01.21"]
[EventType "swiss"]
[EventRounds "5"]
[EventCountry "GGB"]
[SourceTitle "BritBase"]
[Source "www.saund.co.uk"]
[SourceDate "2018.02.10"]
[SourceVersion "1"]
[SourceVersionDate "2018.02.10"]
[SourceQuality "1"]

1. Nf3 e6 2. g3 d5 3. d4 Nf6 4. c4 c6 5. Qc2 Na6 6. a3 Be7 7. Bg2 Nc7 8. O-O
O-O 9. Rd1 Ne4 10. Nc3 f5 11. Ne5 Ne8 12. b3 N8f6 13. f3 Nd6 14. a4 Qe8 15. a5
a6 16. Na4 Nf7 17. Nxf7 Qxf7 18. Ba3 Bd7 19. Bxe7 Qxe7 20. f4 Ne4 21. Bxe4 fxe4
22. Nc5 Be8 23. Qd2 Bg6 24. Ra4 Bf5 25. Rb4 Rab8 26. Rb6 g5 27. fxg5 e5 28.
cxd5 cxd5 29. b4 Bh3 30. Rh6 Bf5 31. dxe5 Rbd8 32. Rd6 Bh3 33. Qxd5+ 1-0

[Event "Gibraltar ChallWk1 11th "]
[Site "Gibraltar"]
[Date "2013.01.25"]
[Round "5.25"]
[White "Munoz Jorva, Miguel Angel"]
[Black "Rios Gonzalez, Jose Antonio"]
[Result "0-1"]
[WhiteElo "1916"]
[BlackElo "1990"]
[PlyCount "66"]
[EventDate "2013.01.21"]
[EventType "swiss"]
[EventRounds "5"]
[EventCountry "GGB"]
[SourceTitle "BritBase"]
[Source "www.saund.co.uk"]
[SourceDate "2018.02.10"]
[SourceVersion "1"]
[SourceVersionDate "2018.02.10"]
[SourceQuality "1"]

1. d4 d5 2. c4 c6 3. Nc3 Nf6 4. cxd5 cxd5 5. Nf3 Nc6 6. a3 Bf5 7. Qb3 Na5 8.
Qa4+ Bd7 9. Qd1 Rc8 10. Ne5 e6 11. Bg5 Be7 12. e3 a6 13. Bd3 b5 14. O-O Nc4 15.
Bxc4 bxc4 16. Bxf6 Bxf6 17. Nxd7 Qxd7 18. b3 O-O 19. bxc4 Rxc4 20. Qb3 Qc6 21.
Na2 Rc8 22. g3 g6 23. Rac1 Be7 24. Rxc4 Qxc4 25. Rb1 Qe2 26. Rb2 Qe1+ 27. Kg2
Bd6 28. Rb1 Qa5 29. Nb4 Rb8 30. Qc3 Qb5 31. Rb2 Qc4 32. Qxc4 dxc4 33. Nd3 cxd3
0-1

[Event "Gibraltar ChallWk1 11th "]
[Site "Gibraltar"]
[Date "2013.01.25"]
[Round "5.26"]
[White "Brown, David"]
[Black "Gieritz, Dietmar"]
[Result "1-0"]
[WhiteElo "1967"]
[BlackElo "2112"]
[PlyCount "61"]
[EventDate "2013.01.21"]
[EventType "swiss"]
[EventRounds "5"]
[EventCountry "GGB"]
[SourceTitle "BritBase"]
[Source "www.saund.co.uk"]
[SourceDate "2018.02.10"]
[SourceVersion "1"]
[SourceVersionDate "2018.02.10"]
[SourceQuality "1"]

1. e4 e6 2. d4 d5 3. Nc3 Nf6 4. exd5 exd5 5. Bd3 Be7 6. h3 O-O 7. Nf3 Re8 8.
O-O Nbd7 9. Bf4 Nf8 10. Ne5 Ne6 11. Be3 c5 12. Ne2 Qb6 13. b3 g6 14. c3 Ng7 15.
Ng3 h5 16. Nf3 Bd6 17. dxc5 Bxc5 18. Bxc5 Qxc5 19. Qc2 Bd7 20. Rac1 Rac8 21.
Rfd1 b5 22. Qb2 Qb6 23. Nd4 Ne4 24. Nxe4 dxe4 25. Bf1 Rc5 26. c4 Rg5 27. Nxb5
Bxb5 28. cxb5 Nf5 29. Rc6 Qb8 30. Qf6 Qf4 31. Rd8 1-0

[Event "Gibraltar ChallWk1 11th "]
[Site "Gibraltar"]
[Date "2013.01.25"]
[Round "5.27"]
[White "Ungureanu, Sandu"]
[Black "Tveten, Per"]
[Result "1-0"]
[WhiteElo "2019"]
[BlackElo "1597"]
[PlyCount "101"]
[EventDate "2013.01.21"]
[EventType "swiss"]
[EventRounds "5"]
[EventCountry "GGB"]
[SourceTitle "BritBase"]
[Source "www.saund.co.uk"]
[SourceDate "2018.02.10"]
[SourceVersion "1"]
[SourceVersionDate "2018.02.10"]
[SourceQuality "1"]

1. b4 e5 2. b5 a6 3. c4 Bc5 4. Bb2 d6 5. e3 Nf6 6. Nf3 Bg4 7. Be2 axb5 8. cxb5
c6 9. O-O O-O 10. d4 exd4 11. Nxd4 Bxe2 12. Qxe2 Re8 13. Nd2 Ra4 14. N2b3 Bb6
15. bxc6 bxc6 16. Nxc6 Qd7 17. Nxb8 Rxb8 18. Bxf6 gxf6 19. Rfd1 Rg4 20. Qf3 Rg6
21. Rd5 Kh8 22. Rad1 Bc7 23. g3 Qh3 24. Qf5 Qxf5 25. Rxf5 Kg7 26. Rc1 Bd8 27.
Rd5 Rb6 28. Nd4 Rg5 29. Rxg5+ fxg5 30. Rc6 Rb1+ 31. Kg2 Be7 32. Nf5+ Kf6 33.
Nxd6 Bxd6 34. Rxd6+ Ke5 35. Rh6 Rb7 36. Rxh7 Ra7 37. Rh5 f6 38. h4 Kf5 39. hxg5
fxg5 40. f4 Rxa2+ 41. Kf3 Ra6 42. e4+ Kg6 43. Rxg5+ Kf7 44. e5 Re6 45. Rh5 Kg6
46. f5+ Kxh5 47. fxe6 Kg6 48. Ke4 Kg7 49. Kd5 Kf8 50. Kd6 Ke8 51. e7 1-0

[Event "Gibraltar ChallWk1 11th "]
[Site "Gibraltar"]
[Date "2013.01.25"]
[Round "5.28"]
[White "Reppen, Ellisiv"]
[Black "Longdin, Michael"]
[Result "1-0"]
[WhiteElo "2005"]
[BlackElo "1787"]
[PlyCount "79"]
[EventDate "2013.01.21"]
[EventType "swiss"]
[EventRounds "5"]
[EventCountry "GGB"]
[SourceTitle "BritBase"]
[Source "www.saund.co.uk"]
[SourceDate "2018.02.10"]
[SourceVersion "1"]
[SourceVersionDate "2018.02.10"]
[SourceQuality "1"]

1. e4 c5 2. Nf3 Nc6 3. c3 d6 4. Be2 Nf6 5. d3 g6 6. O-O Bg7 7. h3 O-O 8. Be3
Nd7 9. Nbd2 Rb8 10. Nh2 b5 11. a3 a5 12. f4 b4 13. axb4 axb4 14. Qc2 e6 15.
Ndf3 d5 16. e5 f6 17. d4 b3 18. Qd2 c4 19. g4 f5 20. Kh1 Ne7 21. Rg1 Rf7 22.
Ng5 Nf8 23. Nhf3 h6 24. Nxf7 Kxf7 25. Bf2 fxg4 26. hxg4 Nh7 27. Ra7 Rb7 28.
Rxb7 Bxb7 29. Qc1 h5 30. Ng5+ Nxg5 31. fxg5 hxg4 32. Qf4+ Nf5 33. Bxg4 Qh8+ 34.
Kg2 Ke7 35. Bxf5 gxf5 36. Rh1 Bxe5 37. Rxh8 Bxf4 38. Rh7+ Kd6 39. g6 e5 40.
Rxb7 1-0

[Event "Gibraltar ChallWk1 11th "]
[Site "Gibraltar"]
[Date "2013.01.25"]
[Round "5.29"]
[White "Haddock, Paul"]
[Black "Sevillano Garcia, Joaquin"]
[Result "1/2-1/2"]
[WhiteElo "1674"]
[BlackElo "1983"]
[PlyCount "71"]
[EventDate "2013.01.21"]
[EventType "swiss"]
[EventRounds "5"]
[EventCountry "GGB"]
[SourceTitle "BritBase"]
[Source "www.saund.co.uk"]
[SourceDate "2018.02.10"]
[SourceVersion "1"]
[SourceVersionDate "2018.02.10"]
[SourceQuality "1"]

1. e4 e6 2. d4 d5 3. Nd2 Nf6 4. e5 Nfd7 5. Ndf3 c5 6. c3 Nc6 7. Bd3 cxd4 8.
cxd4 Bb4+ 9. Bd2 Bxd2+ 10. Qxd2 f5 11. Ne2 O-O 12. Nf4 Re8 13. O-O Nf8 14. Kh1
Kh8 15. Rg1 Bd7 16. g4 Ne7 17. gxf5 exf5 18. Ng5 Kg8 19. Qe2 Neg6 20. Nxg6 hxg6
21. Qe3 Ne6 22. Nxe6 Rxe6 23. Rg3 Qb6 24. Qf4 Rf8 25. Rag1 Kf7 26. b3 Qd8 27.
Rg5 Qb6 28. Bxf5 gxf5 29. Rxf5+ Rf6 30. exf6 gxf6 31. Rh5 Qe6 32. Rh7+ Ke8 33.
Qb8+ Bc8 34. Qc7 Qe4+ 35. Rg2 Qe1+ 36. Rg1 1/2-1/2